000 00594nam a2200181 a 4500
001 000022192
005 20200930011625.0
008 100917s1960 sp a 000 |bspa d
040 _aDO-SdBNP
_bspa
_cBNPHU
082 _axxx
_bO69Ó
100 1 _aOrizondo Meneses, Hugo
_945912
245 1 0 _aManuel Orizondo Caraballé :
_bmédico y político cubano :una vida al servicio del pueblo espiritual /
_cHugo Orizondo Meneses.
260 _aMadrid :
_bEspasa-Calpe,
_c1960.
300 _a107 p. :
_bil. ;
_c21 cm.
590 _aUn ejemplar autobiografiado
834 _aAustral;
_v372
049 _aBNGR
999 _c21690
_d21690